Statistics for Every Nelly Song on the Billboard Hot 100

Click here to take the quiz!

General Stats

  • This quiz has been taken 54 times
    (38 since last reset)
  • The average score is 11 of 37

Answer Stats

#YearSong% Correct
12003Hot In Herre
90%
12002Dilemma ft. Kelly Rowland
76%
32001Ride Wit Me ft. City Spud
76%
72000(Hot Shit) Country Grammar
69%
32010Just A Dream
66%
152001E.I.
62%
12006Grillz ft. Paul Wall, Ali & Gipp
59%
32003Air Force Ones ft. Kyjuan, Ali & Murphy Lee
52%
32004Over And Over ft. Tim McGraw
41%
42004My Place ft. Jaheim
38%
222001#1
34%
42013Cruise (Florida Georgia Line)
31%
582003Pimp Juice
31%
12003Shake Ya Tailfeather (Diddy & Murphy Lee)
31%
422013Hey Porsche
28%
672021Lil Bit (Florida Georgia Line)
28%
422008Body On Me ft. Ashanti & Akon
24%
522004Flap Your Wings
24%
402008Party People ft. Fergie
21%
412008Here I Am (Rick Ross) ft. Avery Storm
17%
442006Nasty Girl (The Notorious B.I.G.) ft. Diddy, Jagged Edge & Avery Storm
17%
622015The Fix ft. Jeremih
17%
32001Where The Party At (Jagged Edge)
17%
252006Call On Me (Janet Jackson)
14%
542010Move That Body ft. T-Pain & Akon
14%
642005N Dey Say
14%
902008Stepped On My J'z ft. Ciara & JD
14%
582004Tilt Ya Head Back ft. Christina Aguilera
14%
682004Work It (Reinvention)
14%
242005Errtime ft. Jung Tru & King Jacob
10%
52002Girlfriend ('N Sync)
10%
432007Wadsyaname
10%
92005Get It Poppin' (Fat Joe)
7%
612012The Champ
7%
832016Die A Happy Man
3%
752010Liv Tonight ft. Keri Hilson
3%
962008Warrior
3%

Score Distribution

Percentile by Number Answered

Percent of People with Each Score

Your Score History

You have not taken this quiz since the last reset